Words Starting With M - Statistics

General Stats
  • This quiz has been taken 39 times
  • The average score is 65 of 110
Answer Stats
Hint Answer % Correct
guy; boy Man
95%
breakfast; lunch; dinner Meal
92%
beef; chicken; fish; pork; veal Meat
92%
fixes cars Mechanic
92%
what you remember Memory
89%
cash Money
89%
a primate Monkey
89%
there are 12 ____ in a year Month
89%
a cup to drink coffee Mug
89%
solid; liquid; gas Matter
86%
how to see how long something is Measure
86%
Mt. Everest is a Mountain
86%
a film Movie
86%
rich man house Mansion
84%
you order using it at a restaraunt Menu
84%
1,000,000 Million
84%
unit of time Minute
84%
you ___ eggs, butter, flour to make cake Mix
84%
you see it at night Moon
84%
lava Magma
81%
in charge of a store or restaraunt Manager
81%
drank with cookies Milk
81%
fly that sucks blood Mosquito
81%
used to cut long grass Mower
81%
a fungi Mushroom
81%
an object that makes a magnetic field Magnet
78%
the news and press Media
78%
what nails and robots are made of Metal
78%
used to see your reflection Mirror
78%
beautiful people on the cover of VOGUE Model
78%
your mother Mom
78%
one who practices Islam Muslim
78%
prehistoric elephant Mammoth
76%
a mammal with a pouch Marsupial
76%
glasses for one eye Monocle
76%
a wet broom Mop
76%
facial hair under the nose Mustache
76%
eaten on sandwhiches and hot dogs Mustard
76%
TIME; Vogue; Cosmopolitan; Forbes; National Geographic Magazine
73%
wedding Marriage
73%
a swamp Marsh
73%
eaten on sandwhiches Mayo
73%
the lesson of the story Moral
73%
grief for a dead person Mourn
73%
a small rodent Mouse
73%
used to see where things are Map
70%
see small objects Microscope
70%
used to keep hands warm Mitten
70%
butterfly relative Moth
70%
envelops; letter Mail
68%
a fruit Mango
68%
breathmints Mint
68%
a mammal that lives underground Mole
68%
donkey Mule
68%
relative to centipedes Millipede
65%
man in charge of government Minister
65%
a group of animal Mammal
62%
etiquite Manner
62%
where you buy clothes at several stores Mall
59%
what something is made of Material
59%
Whatsapp; SMS Message
59%
where you find dead dinosaurs Museum
59%
a type of pasta Macaroni
57%
eaten on speghatti Meatball
57%
an asteroid Meteor
57%
used of measurement Meter
57%
cook frozen food Microwave
57%
soil liquid Mud
57%
the greater portion Majority
54%
large deer Moose
54%
eat Munch
54%
makes you feel beter Medicine
51%
rythmn; tune Melody
51%
portable device or home Mobile
51%
scary being that isnt real Monster
51%
relative of dugongs Manatee
49%
small balls used to play games Marble
49%
king; queen; prince; princess Monarchy
49%
running; walking; jumping Movement
49%
songs; lullaby Music
49%
a fruit Melon
46%
brain Mind
46%
the smaller portion Minority
46%
parrot species Macaw
41%
robots; computers; phone Machine
41%
a field; plain Meadow
41%
used for smores Marshmellow
38%
lost Missing
38%
snails; octopus; slugs; squids; cuttlefish; clams; oysters Mollusk
35%
a vehicle Motorcycle
35%
man in charge Master
32%
a plan on how to do something Method
32%
watching using cameras Monitor
32%
used to eat Mouth
32%
store Market
30%
put on your bedframe Mattress
30%
thick syrup used as a sweeteneer Molasses
27%
a form of Christianity Mormon
27%
an important assignment for political; religious; or commercial reasons Mission
24%
small plants Moss
22%
a species of bird Magpie
16%
a small species of mongoose Meerkat
14%
a mammal that lays eggs Monotreme
14%
a dessert snack Muffin
11%
a type of rock found in the ground Mineral
8%
an Arctic cow Muskox
8%
a type of fish Mackarel
5%
mountain mouse Marmot
3%
dark Morbid
3%
a dessert snack Macaroons
0%
No matching quizzes found
Score Distribution
Percent of People with Each Score
Percentile by Number Answered
Your Score History
You have not taken this quiz